Proceedings of the Workshop ... held at Universiti Pertanian Malaysia, Serdang, Selangor on the 18th-22nd Jan., 1982

Bibliographic Details
Corporate Author: WORKSHOP on Ecological Basis for Rational Resource Utilization in the Humid Tropics of Southeast Asia
Other Authors: Kamis Awang
Format: Book
Published: Serdang, Selangor : Universiti Pertanian Malaysia , 1982
Subjects:

MARC

LEADER 00000cam a2200000 7i4500
001 0000002400
005 20030606.0
090 0 0 |a 577.30959   |b WOR 1982 
110 1 0 |a WORKSHOP on Ecological Basis for Rational Resource Utilization in the Humid Tropics of Southeast Asia   |k 1982   |j Universiti Pertanian Malaysia, Serdang 
245 1 0 |a Proceedings of the Workshop ... held at Universiti Pertanian Malaysia, Serdang, Selangor on the 18th-22nd Jan., 1982   |c edited by Kamis Awang ... (et al.) 
260 0 0 |a Serdang, Selangor :   |b Universiti Pertanian Malaysia ,   |c 1982 
300 |a 185 p. :   |b ill. ;   |c 23 cm. 
650 0 0 |a Ecology   |z Asia, Southeastern   |x Congresses 
650 0 0 |a Forest ecology   |x Congresses 
650 0 0 |a Forests and forestry   |z Asia, Southeastern   |x Congresses 
700 0 1 |a Kamis Awang 
998 |a JPSM 
999 |a 0000003981   |b Monograph   |c Open Shelf   |e Default branch 
999 |a 0000003997   |b Monograph   |c Open Shelf   |e Default branch